| 000 | 00709cam a22002291 4500 | ||
|---|---|---|---|
| 001 | 000018028 | ||
| 005 | 20200929165325.0 | ||
| 008 | 770617m19671926sp 000 0 spas | ||
| 010 | _a77257533 | ||
| 035 | _a(OCoLC)3047877 | ||
| 040 |
_aDO-SdBNP _cOYU _dDLC |
||
| 042 | _apremarc | ||
| 050 | 0 | 0 |
_aPQ6287 _b.A2 1967 |
| 100 | 2 |
_aCalderon de la Barca, Pedro, _d1600-1681. _95547 |
|
| 245 | 1 | 0 | _aAutos sacramentales. |
| 250 |
_a5. ed. _bEdicion, prologo y notas de Angel Valbuena Prat. |
||
| 260 |
_aMadrid, : _bEspasa-Calpe, _c1967- [c1926-. |
||
| 300 |
_av. ; _c20 cm. |
||
| 440 | 0 |
_aClasicos castellanos _v74 _94180 |
|
| 700 | 2 |
_aValbuena Prat, Angel, _d1900- _eed. _915838 |
|
| 910 | _aCatalogación derivada | ||
| 999 |
_c17550 _d17550 |
||